000 00310nam a2200133Ia 4500
005 20260328104332.0
008 260328s9999||||xx |||||||||||||| ||und||
100 _aMortier, Michael
245 0 _aMuebles Modernos /
_cMichael Mortier
260 _bHatje
300 _a155 p.
650 _aMUEBLES
942 _cBK
999 _c11737
_d11737